[Event "SLO-chT 22th"]
[Site "Ljubljana"]
[Date "2012.12.07"]
[Round "7"]
[White "Zupancic, Urban"]
[Black "Roskar, Robert"]
[Result "1-0"]
[WhiteElo "1924"]
[BlackElo "2284"]
[PlyCount "107"]
[EventDate "2012.11.23"]
[EventType "team-tourn"]
[EventRounds "9"]
[EventCountry "SLO"]
[SourceTitle "CBM 151 Extra"]
[Source "ChessBase"]
[SourceDate "2012.12.18"]
[SourceVersion "1"]
[SourceVersionDate "2012.12.18"]
[SourceQuality "1"]
[WhiteTeam "Novo Mesto Krka"]
[BlackTeam "Ptuj Tehcenter"]
[WhiteTeamCountry "SLO"]
[BlackTeamCountry "SLO"]

1. e4 e5 2. Nf3 Nc6 3. Bb5 a6 4. Ba4 Nf6 5. 0-0 Be7 6. Re1 b5 7. Bb3 0-0 8. d4 d6 9. c3 Bg4 10. d5 Na5 11. Bc2 c6 12. dxc6 Qc7 13. h3 Bh5 14. Nbd2 Rad8 15. a4 Nc4 16. axb5 Nxd2 17. Bxd2 axb5 18. Qe2 Qxc6 19. Bd3 Rb8 20. Ra5 b4 21. cxb4 Bd8 22. Ra6 Rb6 23. b5 Qd7 24. Be3 Rb7 25. b6 Bxf3 26. Qxf3 Qe6 27. Qe2 Qb3 28. Qc2 Qb4 29. Qc3 Qxc3 30. bxc3 Rb8 31. Rb1 Nd7 32. Bc4 Nc5 33. Bxc5 dxc5 34. Bd5 Re8 35. Kf1 Be7 36. Ra7 Kf8 37. Ke2 Red8 38. Kd3 Rd6 39. Kc4 Ke8 40. Ra8 Rxa8 41. Bxa8 Rd8 42. Bc6+ Kf8 43. b7 Bd6 44. Ra1 Ke7 45. Kb5 f6 46. Kb6 Bb8 47. Kxc5 Bc7 48. Ra8 Bb8 49. c4 Bc7 50. Rc8 Bb8 51. Kb6 h5 52. c5 h4 53. Rxb8 Rxb8 54. Kc7 1-0

[Event "Ljubljana-chT 65th Superliga"]
[Site "Ljubljana"]
[Date "2012.01.26"]
[Round "3.1"]
[White "Roskar, Robert"]
[Black "Milenkovic, Mladen"]
[Result "0-1"]
[WhiteElo "2286"]
[BlackElo "2396"]
[PlyCount "116"]
[EventDate "2012.01.12"]
[EventType "team-tourn"]
[EventRounds "9"]
[EventCountry "SLO"]
[SourceTitle "EXT 2022"]
[Source "ChessBase"]
[SourceDate "2021.10.06"]
[SourceVersion "1"]
[SourceVersionDate "2021.10.06"]
[SourceQuality "1"]
[WhiteTeam "Klinicni Center"]
[BlackTeam "Domzale SD"]
[WhiteTeamCountry "SLO"]
[BlackTeamCountry "SLO"]

1. e4 c5 2. Nf3 d6 3. Bc4 Nc6 4. c3 Nf6 5. Qe2 a6 6. h3 e6 7. Bb3 b5 8. d4 Be7 9. 0-0 Bb7 10. e5 dxe5 11. dxe5 Nd5 12. a4 Na5 13. Bc2 Bc6 14. Nbd2 Qb8 15. axb5 axb5 16. Ne4 h6 17. Ng3 Nc4 18. Rxa8 Qxa8 19. Re1 Ncb6 20. Nh2 Nd7 21. Qg4 g6 22. Qe2 h5 23. Nf3 h4 24. Ne4 Rh5 25. Bg5 Qa2 26. Bb1 Qa4 27. Bf6 N5xf6 28. Nxf6+ Bxf6 29. exf6 Bd5 30. Bc2 Qa6 31. Qe3 Qc6 32. Ng5 Nxf6 33. Qf4 Ke7 34. Re5 Rh8 35. b3 Qd6 36. c4 bxc4 37. bxc4 Bxc4 38. Nf3 Bd5 39. Ng5 Rf8 40. Qe3 Nd7 41. f4 f6 42. Rxd5 Qxd5 43. Nf3 Ra8 44. Bxg6 Ra1+ 45. Kh2 Qd1 46. Nxh4 Qh1+ 47. Kg3 Qe1+ 48. Qxe1 Rxe1 49. Nf3 Rh1 50. Kf2 c4 51. Ne1 f5 52. Bh5 Nc5 53. Bf3 c3 54. Ke2 Kf6 55. Nc2 Rb1 56. Ne3 Rb2+ 57. Kd1 Rd2+ 58. Kc1 Nb3+ 0-1

[Event "EU-Cup 27th"]
[Site "Rogaska Slatina"]
[Date "2011.09.28"]
[Round "4"]
[White "Roskar, Robert"]
[Black "Vucenovic, Dragomir"]
[Result "1-0"]
[WhiteElo "2290"]
[BlackElo "2262"]
[PlyCount "81"]
[EventDate "2011.09.25"]
[EventType "team-swiss"]
[EventRounds "7"]
[EventCountry "SLO"]
[SourceTitle "CBM 145"]
[Source "ChessBase"]
[SourceDate "2011.11.11"]
[SourceVersion "1"]
[SourceVersionDate "2011.11.11"]
[SourceQuality "1"]
[WhiteTeam "Ptuj"]
[BlackTeam "Zuerich"]
[WhiteTeamCountry "SLO"]
[BlackTeamCountry "SUI"]

1. e4 c5 2. Nf3 e6 3. d4 cxd4 4. Nxd4 a6 5. Bd3 Ne7 6. 0-0 Nbc6 7. Nb3 Ng6 8. c4 d6 9. Nc3 Be7 10. Be3 0-0 11. f4 Bd7 12. Rc1 b6 13. Qh5 Bf6 14. Rf3 Bxc3 15. Rh3 f5 16. Rxc3 Qf6 17. exf5 exf5 18. Qxh7+ Kf7 19. Qh5 Rh8 20. Qf3 Rxh3 21. Qxh3 a5 22. Qf3 Rc8 23. Qd5+ Kf8 24. a3 a4 25. Nd2 Nge7 26. Qf3 Nd4 27. Qf2 Nec6 28. Bf1 Be6 29. Rd3 Nb3 30. Nxb3 axb3 31. Rxd6 Qf7 32. Bxb6 Bxc4 33. Qc5 Ne7 34. Rd8+ Rxd8 35. Bxd8 Be6 36. Bxe7+ Qxe7 37. Qxe7+ Kxe7 38. Kf2 Kd6 39. Ke3 Kc5 40. Be2 Bd7 41. h3 1-0

[Event "EU-Cup 27th"]
[Site "Rogaska Slatina"]
[Date "2011.09.27"]
[Round "3"]
[White "Roiz, Michael"]
[Black "Roskar, Robert"]
[Result "1/2-1/2"]
[WhiteElo "2668"]
[BlackElo "2290"]
[PlyCount "180"]
[EventDate "2011.09.25"]
[EventType "team-swiss"]
[EventRounds "7"]
[EventCountry "SLO"]
[SourceTitle "CBM 145"]
[Source "ChessBase"]
[SourceDate "2011.11.11"]
[SourceVersion "1"]
[SourceVersionDate "2011.11.11"]
[SourceQuality "1"]
[WhiteTeam "Saratov Economist"]
[BlackTeam "Ptuj"]
[WhiteTeamCountry "RUS"]
[BlackTeamCountry "SLO"]

1. Nf3 Nf6 2. c4 e6 3. Nc3 d5 4. d4 Bb4 5. Bg5 h6 6. Bxf6 Qxf6 7. Qb3 Bxc3+ 8. Qxc3 c6 9. e3 0-0 10. Rc1 Nd7 11. Be2 dxc4 12. Bxc4 b6 13. 0-0 Bb7 14. Be2 c5 15. dxc5 Qxc3 16. Rxc3 Nxc5 17. b4 Na6 18. Bxa6 Bxa6 19. Rfc1 Rac8 20. Nd4 Rxc3 21. Rxc3 Rc8 22. Rxc8+ Bxc8 23. Nb5 Bd7 24. Nc3 Kf8 25. f4 f6 26. e4 e5 27. f5 Ke7 28. Kf2 Kd6 29. Ke3 a5 30. a3 axb4 31. axb4 b5 32. g4 Bc6 33. Kf3 Ke7 34. h4 Kf7 35. Nd1 Kf8 36. Nf2 Be8 37. g5 hxg5 38. hxg5 Bh5+ 39. Kg3 Be2 40. g6 Kg8 41. Nh1 Kf8 42. Kf2 Bc4 43. Kf3 Ke7 44. Nf2 Kf8 45. Ng4 Ke7 46. Ne3 Kd6 47. Nc2 Bd3 48. Na3 Bc4 49. Ke3 Bf1 50. Kd2 Kc6 51. Nc2 Bg2 52. Kd3 Bf1+ 53. Ke3 Bc4 54. Kd2 Kd6 55. Na3 Kc6 56. Kc3 Bf1 57. Nb1 Kd6 58. Nd2 Be2 59. Nb3 Bc4 60. Na5 Bf1 61. Kd2 Kc7 62. Nb3 Bc4 63. Na1 Ba2 64. Ke3 Kd6 65. Kf3 Bc4 66. Nc2 Ke7 67. Ne3 Kd6 68. Nd1 Ke7 69. Nf2 Kd6 70. Ke3 Ke7 71. Kd2 Kd6 72. Ng4 Kc6 73. Kc3 Kd6 74. Ne3 Ba2 75. Kc2 Kc6 76. Nf1 Kd6 77. Ng3 Ke7 78. Ne2 Bc4 79. Nc3 Kd6 80. Kd2 Kc6 81. Ke3 Kd6 82. Nb1 Kc6 83. Nd2 Kd6 84. Nf3 Ke7 85. Kd2 Kd6 86. Ne1 Kc6 87. Nc2 Kd6 88. Kc3 Kc6 89. Ne3 Ba2 90. Nf1 Kd6 1/2-1/2

[Event "SLO-chT"]
[Site "Slovenia"]
[Date "2011.06.04"]
[Round "5"]
[White "Roskar, Robert"]
[Black "Simic, Dragan"]
[Result "1-0"]
[WhiteElo "2279"]
[BlackElo "2310"]
[PlyCount "79"]
[EventDate "2011.05.27"]
[EventType "team-tourn"]
[EventRounds "9"]
[EventCountry "SLO"]
[SourceTitle "CBM 142 Extra"]
[Source "ChessBase"]
[SourceDate "2011.06.27"]
[SourceVersion "1"]
[SourceVersionDate "2011.06.27"]
[SourceQuality "1"]
[WhiteTeam "Ptuj"]
[BlackTeam "Maribor Branik"]
[WhiteTeamCountry "SLO"]
[BlackTeamCountry "SLO"]

1. e4 c5 2. Nf3 Nc6 3. d4 cxd4 4. Nxd4 Qc7 5. Nc3 e6 6. Be3 a6 7. Bd3 Nf6 8. 0-0 Ne5 9. h3 Bc5 10. Kh1 d6 11. f4 Ng6 12. Qe1 0-0 13. f5 Ne5 14. Qg3 Kh8 15. Rae1 Bd7 16. Qh4 Rae8 17. Bg1 Nxd3 18. cxd3 e5 19. Nf3 Bc6 20. g4 Qd8 21. g5 Nd7 22. Nh2 f6 23. g6 h6 24. Ng4 Re7 25. Be3 Bxe3 26. Rxe3 Kg8 27. Rg3 Nb6 28. Rfg1 Qd7 29. Nxh6+ gxh6 30. Qxh6 Rg7 31. Kh2 Re8 32. Rg4 Qd8 33. Rh4 Kf8 34. Ne2 Nd7 35. Ng3 d5 36. Nh5 Qe7 37. Nxg7 Qxg7 38. Qd2 Re7 39. Rh7 Qg8 40. Qb4 1-0

[Event "SLO-chT"]
[Site "Slovenia"]
[Date "2011.05.27"]
[Round "1"]
[White "Osmanbegovic, Suad"]
[Black "Roskar, Robert"]
[Result "1/2-1/2"]
[WhiteElo "2262"]
[BlackElo "2279"]
[PlyCount "65"]
[EventDate "2011.05.27"]
[EventType "team-tourn"]
[EventRounds "9"]
[EventCountry "SLO"]
[SourceTitle "CBM 142 Extra"]
[Source "ChessBase"]
[SourceDate "2011.06.27"]
[SourceVersion "1"]
[SourceVersionDate "2011.06.27"]
[SourceQuality "1"]
[WhiteTeam "Maribor"]
[BlackTeam "Ptuj"]
[WhiteTeamCountry "SLO"]
[BlackTeamCountry "SLO"]

1. d4 Nf6 2. Nf3 e6 3. g3 d5 4. Bg2 Nbd7 5. 0-0 Bd6 6. c4 c6 7. Nbd2 0-0 8. Qc2 Qe7 9. e4 Nxe4 10. Nxe4 dxe4 11. Qxe4 e5 12. dxe5 Nxe5 13. Bf4 Nxf3+ 14. Qxf3 Bxf4 15. Qxf4 Be6 16. Rad1 Rad8 17. b3 Rxd1 18. Rxd1 Rd8 19. Rd4 h6 20. h4 Rxd4 21. Qxd4 a6 22. c5 Qc7 23. Be4 Kf8 24. Kg2 Kg8 25. Qd2 Kf8 26. b4 Qd7 27. Qxd7 Bxd7 28. f4 Ke7 29. Kf2 Be6 30. a3 Bd7 31. Ke3 Be6 32. Kd4 Bd7 33. Ke5 1/2-1/2

[Event "SLO-chT 19th"]
[Site "Rogaska Slatina"]
[Date "2009.??.??"]
[Round "1"]
[White "Roskar, Robert"]
[Black "Justin, Matjaz"]
[Result "1-0"]
[WhiteElo "2257"]
[BlackElo "2353"]
[PlyCount "56"]
[EventDate "2009.12.11"]
[EventType "team-tourn"]
[EventRounds "9"]
[EventCountry "SLO"]
[SourceTitle "CBM 133 Extra"]
[Source "ChessBase"]
[SourceDate "2010.01.05"]
[SourceVersion "1"]
[SourceVersionDate "2010.01.05"]
[SourceQuality "1"]
[WhiteTeam "Ptuj Tehcenter"]
[BlackTeam "Vrhnika"]
[WhiteTeamCountry "SLO"]
[BlackTeamCountry "SLO"]

1. e4 c5 2. Nf3 e6 3. d4 cxd4 4. Nxd4 a6 5. Bd3 g6 6. 0-0 Bg7 7. c3 d6 8. a4 b6 9. Re1 Nf6 10. Nd2 0-0 11. Nc4 Qc7 12. Nxd6 Qxd6 13. e5 Qe7 14. exf6 Qxf6 15. Be4 Ra7 16. Nf3 Qe7 17. Be3 f5 18. Bd3 Rd7 19. Qe2 Bb7 20. Bc4 Rd6 21. Bf4 Rc6 22. Bxe6+ Kh8 23. Bd5 Qc5 24. Rad1 h6 25. Ne5 Kh7 26. Nxc6 Nxc6 27. Qe6 Nd8 28. Qd6 Bxd5 1-0

[Event "SLO-chT 18th"]
[Site "Murska Sobota"]
[Date "2008.12.06"]
[Round "1"]
[White "Luzar, Emil"]
[Black "Roskar, Robert"]
[Result "1-0"]
[WhiteElo "2184"]
[BlackElo "2269"]
[PlyCount "60"]
[EventDate "2008.12.06"]
[EventType "team-tourn"]
[EventRounds "9"]
[EventCountry "SLO"]
[SourceTitle "CBM 127 Extra"]
[Source "ChessBase"]
[SourceDate "2009.01.08"]
[SourceVersion "2"]
[SourceVersionDate "2009.01.28"]
[SourceQuality "1"]
[WhiteTeam "Krka Novo mesto"]
[BlackTeam "Ptuj Tehcenter"]
[WhiteTeamCountry "SLO"]
[BlackTeamCountry "SLO"]

1. Nf3 Nf6 2. g3 d5 3. Bg2 Nbd7 4. 0-0 e5 5. d3 Bd6 6. e4 dxe4 7. dxe4 Nxe4 8. Nh4 Ndf6 9. Qe2 Nc5 10. b4 Ne6 11. Bb2 0-0 12. Bxe5 Bxe5 13. Qxe5 Qd4 14. Qxd4 Nxd4 15. Na3 Be6 16. Rfe1 a5 17. b5 c6 18. bxc6 Nxc6 19. Reb1 Nb4 20. Rb2 Rac8 21. c4 b6 22. Bf1 Rfd8 23. Ng2 Ne4 24. Ne3 Kf8 25. Nb5 Nd3 26. Rc2 Ne5 27. Rac1 Rd2 28. Bg2 Rxc2 29. Rxc2 Nf6 30. Nd6 Rc7 1-0

[Event "EU-Cup 24th"]
[Site "Kallithea"]
[Date "2008.10.21"]
[Round "5"]
[White "Beliavsky, Alexander G"]
[Black "Roskar, Robert"]
[Result "1-0"]
[WhiteElo "2619"]
[BlackElo "2269"]
[PlyCount "63"]
[EventDate "2008.10.17"]
[EventType "team-swiss"]
[EventRounds "7"]
[EventCountry "GRE"]
[SourceTitle "CBM 127"]
[Source "ChessBase"]
[SourceDate "2008.11.13"]
[SourceVersion "1"]
[SourceVersionDate "2008.11.13"]
[SourceQuality "1"]
[WhiteTeam "Kiev Kievchess"]
[BlackTeam "Ptuj Veplas Velenje"]
[WhiteTeamCountry "UKR"]
[BlackTeamCountry "SLO"]

1. d4 Nf6 2. c4 e6 3. Nf3 b6 4. g3 Bb4+ 5. Bd2 Qe7 6. Bg2 Bb7 7. 0-0 Bxd2 8. Qxd2 0-0 9. Nc3 d6 10. d5 e5 11. e4 a5 12. Nh4 Bc8 13. Rae1 Na6 14. f4 Ne8 15. Nf5 Bxf5 16. exf5 Rb8 17. Nb5 Qf6 18. Na7 exf4 19. Rxf4 Qg5 20. Nc6 Ra8 21. h4 Qh6 22. Qf2 Nc5 23. Re3 Kh8 24. g4 g5 25. fxg6 hxg6 26. g5 Qg7 27. h5 gxh5 28. Rh3 Qxg5 29. Rf5 Qc1+ 30. Kh2 Ng7 31. Rfxh5+ Nxh5 32. Qf6+ 1-0

[Event "Ptuj op"]
[Site "Ptuj"]
[Date "2008.08.15"]
[Round "8"]
[White "Roskar, Robert"]
[Black "Nikolic, Stanko"]
[Result "1-0"]
[WhiteElo "2280"]
[BlackElo "2000"]
[PlyCount "63"]
[EventDate "2008.08.09"]
[EventType "swiss"]
[EventRounds "9"]
[EventCountry "SLO"]
[SourceTitle "CBM 125 Extra"]
[Source "ChessBase"]
[SourceDate "2008.09.01"]
[SourceVersion "1"]
[SourceVersionDate "2008.09.01"]
[SourceQuality "1"]

1. e4 c5 2. Nf3 e6 3. d4 cxd4 4. Nxd4 Nc6 5. Nc3 Qc7 6. Be3 a6 7. Qd2 Nf6 8. f3 Bb4 9. a3 Be7 10. g4 d6 11. g5 Nd7 12. f4 Nxd4 13. Bxd4 e5 14. Nd5 Qb8 15. Be3 exf4 16. Bxf4 Ne5 17. 0-0-0 b5 18. Nxe7 Kxe7 19. Qb4 f6 20. gxf6+ gxf6 21. Rg1 Rf8 22. Bxe5 fxe5 23. Rg7+ Rf7 24. Rxf7+ Kxf7 25. Rxd6 Be6 26. Qd2 Ke7 27. Rd3 Qg8 28. Qb4+ Ke8 29. Qd6 Rc8 30. Qxe5 Qf7 31. Bh3 Rc6 32. Qh8+ 1-0

[Event "SLO-chT 17th"]
[Site "Murska Sobota"]
[Date "2007.12.09"]
[Round "1"]
[White "Gombac, Jan"]
[Black "Roskar, Robert"]
[Result "1-0"]
[WhiteElo "2293"]
[BlackElo "2279"]
[PlyCount "73"]
[EventDate "2007.12.09"]
[EventType "team-tourn"]
[EventRounds "9"]
[EventCountry "SLO"]
[SourceTitle "CBM 121 Extra"]
[Source "ChessBase"]
[SourceDate "2008.01.10"]
[SourceVersion "1"]
[SourceVersionDate "2008.01.10"]
[SourceQuality "1"]
[WhiteTeam "Ljubljana Vidmar"]
[BlackTeam "Ptuj Veplas Velenje"]
[WhiteTeamCountry "SLO"]
[BlackTeamCountry "SLO"]

1. d4 Nf6 2. Nf3 e6 3. c4 b6 4. g3 Ba6 5. Qc2 Be7 6. Bg2 c6 7. e4 d5 8. e5 Nfd7 9. b3 b5 10. c5 Bc8 11. 0-0 f6 12. exf6 gxf6 13. Bh6 Kf7 14. Re1 Nf8 15. Qe2 Bd7 16. Bh3 e5 17. Bxf8 Rxf8 18. Bxd7 Nxd7 19. Nbd2 e4 20. Nxe4 dxe4 21. Qxe4 Rc8 22. Qe6+ Ke8 23. Nh4 Rf7 24. Nf5 Kf8 25. Re4 Rc7 26. Nh6 Rg7 27. Rg4 Bxc5 28. Re1 Ne5 29. dxe5 Bxf2+ 30. Kxf2 Rxg4 31. Nxg4 Qd4+ 32. Kf1 Qd3+ 33. Re2 f5 34. Nf6 Qf3+ 35. Rf2 Qd3+ 36. Kg2 Rf7 37. Qc8+ 1-0

[Event "Ptuj op"]
[Site "Ptuj"]
[Date "2007.08.17"]
[Round "7"]
[White "Jeraj, Zlatko"]
[Black "Roskar, Robert"]
[Result "0-1"]
[WhiteElo "2094"]
[BlackElo "2279"]
[PlyCount "116"]
[EventDate "2007.08.12"]
[EventType "swiss"]
[EventRounds "9"]
[EventCountry "SLO"]
[SourceTitle "CBM 119 Extra"]
[Source "ChessBase"]
[SourceDate "2007.09.04"]
[SourceVersion "1"]
[SourceVersionDate "2007.09.04"]
[SourceQuality "1"]

1. d4 Nf6 2. c4 e6 3. Nf3 b6 4. g3 Ba6 5. Qc2 Bb4+ 6. Bd2 Be7 7. Bg2 c6 8. 0-0 d5 9. Ne5 Nfd7 10. Nxd7 Nxd7 11. cxd5 cxd5 12. Nc3 0-0 13. Qa4 Bb7 14. e4 Nf6 15. e5 Nd7 16. Rac1 a6 17. Qd1 b5 18. Qg4 Kh8 19. Rfe1 b4 20. Ne2 Qb6 21. Nf4 Rfe8 22. Bf1 Nf8 23. Nh5 Ng6 24. Bd3 Rec8 25. h4 Rxc1 26. Bxc1 Bf8 27. Bxg6 fxg6 28. Nf4 Re8 29. h5 gxh5 30. Qxh5 Bc6 31. Be3 Kg8 32. Kg2 g6 33. Qg4 Bg7 34. Rh1 Qb7 35. Nd3 Qf7 36. Nxb4 Bb5 37. a4 Bc4 38. Bg5 Rf8 39. Bf4 Rb8 40. b3 Bxb3 41. Nxa6 Re8 42. Nc5 Bc2 43. Qe2 Bf5 44. a5 Bf8 45. Rc1 Rb8 46. a6 h6 47. Nb7 g5 48. g4 Be4+ 49. f3 Qxf4 50. Rc7 Qxg4+ 51. Kf2 Qh4+ 52. Ke3 Qf4+ 53. Kf2 g4 54. a7 Ra8 55. Nd6 Bxf3 56. Qe1 g3+ 57. Kg1 Qxd4+ 58. Kf1 g2# 0-1

[Event "Ptuj op"]
[Site "Ptuj"]
[Date "2007.08.16"]
[Round "6"]
[White "Roskar, Robert"]
[Black "Tomazini, Zan"]
[Result "1-0"]
[WhiteElo "2279"]
[BlackElo "2050"]
[PlyCount "63"]
[EventDate "2007.08.12"]
[EventType "swiss"]
[EventRounds "9"]
[EventCountry "SLO"]
[SourceTitle "CBM 119 Extra"]
[Source "ChessBase"]
[SourceDate "2007.09.04"]
[SourceVersion "1"]
[SourceVersionDate "2007.09.04"]
[SourceQuality "1"]

1. e4 e5 2. Nf3 Nc6 3. Bc4 Bc5 4. 0-0 Nf6 5. d3 d5 6. exd5 Nxd5 7. Re1 Be6 8. Nbd2 f6 9. c3 Qd7 10. Nb3 Bb6 11. a4 a6 12. a5 Ba7 13. d4 0-0-0 14. Qe2 Rhe8 15. Bxa6 Nb8 16. Bb5 c6 17. Bc4 Bg4 18. dxe5 fxe5 19. Bg5 Bxf3 20. gxf3 Qf5 21. Bxd8 Nf4 22. Qe4 Qh5 23. Bf1 Re6 24. Qxf4 exf4 25. Rxe6 Qxf3 26. Bg2 Qxf2+ 27. Kh1 Kxd8 28. Rd1+ Kc8 29. Re8+ Kc7 30. Re7+ Kc8 31. Bh3+ Nd7 32. Re8+ 1-0

[Event "Ptuj op"]
[Site "Ptuj"]
[Date "2007.08.14"]
[Round "4"]
[White "Roskar, Robert"]
[Black "Gruskovnjak, Tomislav"]
[Result "1/2-1/2"]
[WhiteElo "2279"]
[BlackElo "2348"]
[PlyCount "78"]
[EventDate "2007.08.12"]
[EventType "swiss"]
[EventRounds "9"]
[EventCountry "SLO"]
[SourceTitle "CBM 119 Extra"]
[Source "ChessBase"]
[SourceDate "2007.09.04"]
[SourceVersion "1"]
[SourceVersionDate "2007.09.04"]
[SourceQuality "1"]

1. e4 c5 2. Nf3 a6 3. c4 d6 4. d4 cxd4 5. Nxd4 g6 6. Nc3 Bg7 7. Be3 Nf6 8. Be2 Nc6 9. 0-0 0-0 10. Rc1 Re8 11. h3 Nxd4 12. Bxd4 Bh6 13. f4 e5 14. fxe5 dxe5 15. Bxe5 Bxc1 16. Bxf6 Be3+ 17. Kh1 Qxd1 18. Rxd1 Be6 19. b3 Rac8 20. Bf3 Rc5 21. Nd5 Bf2 22. g4 Bg3 23. Bd4 Bxd5 24. Bxc5 Bxe4 25. Bxe4 Rxe4 26. Rd8+ Kg7 27. g5 h6 28. Bd4+ Be5 29. gxh6+ Kxh6 30. Bxe5 Rxe5 31. Rd7 b5 32. cxb5 axb5 33. Rxf7 Re2 34. Rb7 Rxa2 35. Rxb5 Rb2 36. Rb4 Kh5 37. Kg1 g5 38. Kh1 Kg6 39. Kg1 Kh5 1/2-1/2

[Event "SLO-ch qual"]
[Site "Ljubljana"]
[Date "2007.07.14"]
[Round "9"]
[White "Roskar, Robert"]
[Black "Grilc, Andrej"]
[Result "1-0"]
[WhiteElo "2279"]
[BlackElo "2120"]
[PlyCount "65"]
[EventDate "2007.07.05"]
[EventType "swiss"]
[EventRounds "9"]
[EventCountry "SLO"]
[SourceTitle "EXT 2010"]
[Source "ChessBase"]
[SourceDate "2010.11.25"]
[SourceVersion "1"]
[SourceVersionDate "2010.11.25"]
[SourceQuality "1"]

1. e4 Nf6 2. Nc3 d5 3. e5 Ne4 4. Nce2 d4 5. Nf3 Nc6 6. c3 Bg4 7. Nexd4 Nxe5 8. Qe2 Qd5 9. Qb5+ Qxb5 10. Bxb5+ Nd7 11. Ne5 Nef6 12. f3 a6 13. Nxg4 axb5 14. Nxf6+ exf6 15. Nxb5 0-0-0 16. a4 c6 17. Na3 Nc5 18. d4 Nb3 19. Rb1 Bxa3 20. bxa3 Na5 21. Rb4 g5 22. Kf2 Kc7 23. Be3 h6 24. c4 c5 25. dxc5 Rd3 26. Rhb1 Rxa3 27. c6 Nxc6 28. Rxb7+ Kd6 29. Rd1+ Ke6 30. Rb6 Rc8 31. Bc5 Ra2+ 32. Kg3 Ke5 33. Rd5+ 1-0

[Event "SLO-ch qual"]
[Site "Ljubljana"]
[Date "2007.07.13"]
[Round "7"]
[White "Roskar, Robert"]
[Black "Podhraski, Dejan"]
[Result "1-0"]
[WhiteElo "2279"]
[BlackElo "2144"]
[PlyCount "77"]
[EventDate "2007.07.05"]
[EventType "swiss"]
[EventRounds "9"]
[EventCountry "SLO"]
[SourceTitle "EXT 2010"]
[Source "ChessBase"]
[SourceDate "2010.11.25"]
[SourceVersion "1"]
[SourceVersionDate "2010.11.25"]
[SourceQuality "1"]

1. e4 e5 2. Nf3 Nc6 3. Bb5 a6 4. Ba4 Nf6 5. 0-0 Be7 6. Re1 b5 7. Bb3 d6 8. c3 0-0 9. d4 exd4 10. cxd4 Bg4 11. Be3 Na5 12. Bc2 Nc4 13. Bc1 Re8 14. b3 Nb6 15. Nbd2 Bf8 16. Nf1 h6 17. h3 Bc8 18. d5 Bb7 19. Nd4 g6 20. Bb2 Bg7 21. f4 Rc8 22. Qf3 Nfxd5 23. exd5 Bxd5 24. Qg3 c5 25. Rxe8+ Qxe8 26. Re1 Qf8 27. f5 cxd4 28. Bb1 g5 29. f6 Bxf6 30. Qd3 Qg7 31. Ng3 Qg6 32. Qd1 Qg7 33. Nh5 Qh8 34. Nxf6+ Qxf6 35. Bxd4 Qd8 36. Qd3 f5 37. Qxf5 Bf7 38. Qh7+ Kf8 39. Bg7# 1-0

[Event "SLO-ch qual"]
[Site "Ljubljana"]
[Date "2007.07.13"]
[Round "6"]
[White "Roskar, Robert"]
[Black "Sebenik, Matej"]
[Result "0-1"]
[WhiteElo "2279"]
[BlackElo "2465"]
[PlyCount "84"]
[EventDate "2007.07.05"]
[EventType "swiss"]
[EventRounds "9"]
[EventCountry "SLO"]
[SourceTitle "EXT 2010"]
[Source "ChessBase"]
[SourceDate "2010.11.25"]
[SourceVersion "1"]
[SourceVersionDate "2010.11.25"]
[SourceQuality "1"]

1. e4 d6 2. d4 g6 3. Nc3 Bg7 4. Be3 a6 5. Qd2 Nd7 6. Nf3 b5 7. a4 b4 8. Nd1 a5 9. Bc4 Bb7 10. Ng5 e6 11. d5 exd5 12. Bxd5 Bxd5 13. Qxd5 Nh6 14. 0-0 0-0 15. h3 Nb6 16. Bxb6 cxb6 17. c3 Re8 18. Nf3 Rc8 19. cxb4 axb4 20. Re1 Rc5 21. Qb3 d5 22. exd5 Rxe1+ 23. Nxe1 Nf5 24. Qxb4 Rxd5 25. Nc3 Rd4 26. Qb3 Rd2 27. Nf3 Nd4 28. Nxd4 Bxd4 29. Rf1 Qh4 30. Nd1 Qe4 31. Qg3 h5 32. Nc3 Qf5 33. Nb5 Bc5 34. b4 Bxb4 35. Qb8+ Kh7 36. Qg3 Bc5 37. Qf3 Qxf3 38. gxf3 g5 39. Nc3 f5 40. Kg2 Kg6 41. Nd1 Bd4 42. Re1 f4 0-1

[Event "SLO-ch qual"]
[Site "Ljubljana"]
[Date "2007.07.08"]
[Round "5"]
[White "Povse, Martin"]
[Black "Roskar, Robert"]
[Result "0-1"]
[WhiteElo "2140"]
[BlackElo "2279"]
[PlyCount "76"]
[EventDate "2007.07.05"]
[EventType "swiss"]
[EventRounds "9"]
[EventCountry "SLO"]
[SourceTitle "EXT 2010"]
[Source "ChessBase"]
[SourceDate "2010.11.25"]
[SourceVersion "1"]
[SourceVersionDate "2010.11.25"]
[SourceQuality "1"]

1. e4 e5 2. Nf3 Nc6 3. Bb5 a6 4. Ba4 Nf6 5. d3 d6 6. c3 g6 7. 0-0 Bg7 8. Re1 0-0 9. Nbd2 Nd7 10. Nf1 Nc5 11. Bxc6 bxc6 12. d4 Nd7 13. dxe5 Nxe5 14. Nxe5 Bxe5 15. Bh6 Re8 16. f4 Bh8 17. Qf3 Qh4 18. Bg5 Qg4 19. Qd3 Bg7 20. h3 Qd7 21. Ne3 f6 22. Bh4 Qf7 23. b3 a5 24. Qc4 Qxc4 25. Nxc4 a4 26. b4 Ba6 27. Nd2 f5 28. Rac1 Bd3 29. exf5 gxf5 30. Nf3 a3 31. Bf2 Bc4 32. Rc2 Rxe1+ 33. Bxe1 c5 34. bxc5 Rb8 35. cxd6 cxd6 36. Bf2 Rb2 37. Ne1 Bxa2 38. Rc1 Bb1 0-1

[Event "SLO-chT"]
[Site "Murska Sobota"]
[Date "2006.11.26"]
[Round "2"]
[White "Roskar, Robert"]
[Black "Guid, Matej"]
[Result "0-1"]
[WhiteElo "2290"]
[BlackElo "2278"]
[PlyCount "120"]
[EventDate "2006.11.25"]
[EventType "team"]
[EventRounds "9"]
[EventCountry "SLO"]
[SourceTitle "EXT 2008"]
[Source "ChessBase"]
[SourceDate "2007.11.25"]
[SourceVersion "1"]
[SourceVersionDate "2007.11.25"]
[SourceQuality "1"]

1. e4 c5 2. Nf3 e6 3. d4 cxd4 4. Nxd4 Nf6 5. Nc3 d6 6. Bc4 Be7 7. Bb3 Na6 8. f4 Nc5 9. Qf3 0-0 10. 0-0 e5 11. Nde2 Bg4 12. Qe3 b5 13. Ng3 exf4 14. Qxf4 Nxb3 15. axb3 Be6 16. Be3 b4 17. Nd1 d5 18. e5 Ng4 19. Bd4 Bg5 20. Qf3 f6 21. exf6 Bxf6 22. Bxf6 Rxf6 23. Qe2 Qb6+ 24. Kh1 Rh6 25. h3 Qc7 26. Rf3 d4 27. Nf1 Bd5 28. Rg3 Qxg3 29. Nxg3 Rxh3+ 30. Kg1 Rxg3 31. Ra5 Rxg2+ 32. Qxg2 Bxg2 33. Kxg2 Rc8 34. Kf3 Nf6 35. Rxa7 Rxc2 36. Rb7 Rd2 37. Nf2 Rxb2 38. Rxb4 h5 39. Nd3 Rb1 40. Ne5 Kh7 41. Ke2 Kh6 42. Nf3 g5 43. Nxd4 g4 44. Rb6 Kg5 45. Ne6+ Kh4 46. Nf4 Ne4 47. Rb4 Rb2+ 48. Ke3 Nc5 49. Kd4 Rxb3 50. Rc4 Nd7 51. Ke4 Rb5 52. Rc1 Nf6+ 53. Kd4 g3 54. Ke3 Nd5+ 55. Nxd5 Rxd5 56. Kf4 Rd4+ 57. Kf3 Rd3+ 58. Kg2 Rd2+ 59. Kg1 Kh3 60. Ra1 h4 0-1

[Event "SLO-chT 16th"]
[Site "Ljubljana"]
[Date "2006.07.04"]
[Round "2"]
[White "Podhraski, Dejan"]
[Black "Roskar, Robert"]
[Result "1-0"]
[WhiteElo "2123"]
[BlackElo "2307"]
[PlyCount "51"]
[EventDate "2006.07.03"]
[EventType "team"]
[EventRounds "9"]
[EventCountry "SLO"]
[SourceTitle "EXT 2008"]
[Source "ChessBase"]
[SourceDate "2007.11.25"]
[SourceVersion "1"]
[SourceVersionDate "2007.11.25"]
[SourceQuality "1"]

1. e4 c5 2. Nf3 Nc6 3. d4 cxd4 4. Nxd4 g6 5. c4 Bg7 6. Be3 Nf6 7. Nc3 d6 8. Be2 0-0 9. 0-0 Nxd4 10. Bxd4 Be6 11. Rc1 Qa5 12. f4 Rac8 13. b3 Rfe8 14. h3 a6 15. Qd3 Bd7 16. Qe3 e5 17. fxe5 dxe5 18. Bb6 Qb4 19. Nd5 Nxd5 20. exd5 Bh6 21. Qf2 f5 22. Rc2 a5 23. c5 Qe4 24. Bf3 Qe3 25. c6 bxc6 26. Bxe3 1-0